| 000 | 00726nam a2200229Ia 4500 | ||
|---|---|---|---|
| 003 | GCL | ||
| 005 | 20240530095238.0 | ||
| 008 | 140319s9999 xx 000 0 ara d | ||
| 020 | _a1322208977 | ||
| 040 |
_aGCL / _cGCL |
||
| 082 | 0 | 4 |
_a923 _bق/م ن |
| 100 | 1 | _aمحمد الجوادى | |
| 245 | 1 | 0 |
_aالنخبة المصرية الحاكمة 1952 - 2000 / _cمحمد الجوادى |
| 250 | _aالاولى | ||
| 260 |
_aالقاهرة : _bمكتبة مدبولى ، _c2002 |
||
| 300 |
_a639 ص ؛ _c24 سم |
||
| 490 |
_aصفحات من تاريخ مصر _v47 |
||
| 650 | 0 | 4 | _aمصر - تراجم |
| 650 | 0 | 4 | _aرؤساء الجمهورية - تراجم |
| 650 | 0 | 4 | _aالوزراء - تراجم |
| 942 |
_2ddc _cBK |
||
| 999 |
_c5384 _d5384 |
||